000 00436nam a22001457a 4500
003 OSt
008 250220b |||||||| |||| 00| 0 eng d
041 _aeng
082 _a028.7463
100 _aICID
_91613
245 _aFifteenth congress on irrigation and drainage,The Hague ,Netherlands vol-1-G
_bSpecial Session / Symbosium
260 _aHague, Netherland:
_bICID and CIID,
_c1993.
700 _aGreydanus, HW; ed.
_97188
942 _cBK
999 _c19415
_d19415